[Event "7.Alta Padovana Open A"]
[Site "Loreggia"]
[Date "2007.02.23"]
[Round "1.9"]
[White "Maccapan, Fabio"]
[Black "Belloni, Umberto"]
[Result "1/2-1/2"]
[WhiteElo "2078"]
[BlackElo "1899"]
[Annotator "Gabriele Ballarin"]
[PlyCount "68"]
[EventDate "2007.02.23"]
[EventType "swiss"]
[EventRounds "5"]
[EventCountry "ITA"]

1. Nf3 d5 2. d4 c6 3. e3 Bg4 4. Nbd2 f5 5. c4 e6 6. Qb3 Qb6 7. Ne5 Bh5 8. cxd5 exd5 9. Bd3 Qxb3 10. Nxb3 Nh6 11. Bd2 Nd7 12. f4 Nxe5 13. fxe5 Bf7 14. O-O Be6 15. Rac1 Be7 16. Nc5 Bxc5 17. Rxc5 O-O 18. b4 a6 19. a4 Rfc8 20. h3 Rf8 21. b5 axb5 22. axb5 Ra2 23. Bc1 Rc8 24. bxc6 Rxc6 25. Rxc6 bxc6 26. Rf2 Ra1 27. Rc2 Bd7 28. Kf2 Ra8 29. Kf3 Kf7 30. Rb2 Ke6 31. Rb7 g6 32. Bd2 Nf7 33. Ke2 Ng5 34. Rb6 Ne4 1/2-1/2

[Event "7.Alta Padovana Open A"]
[Site "Loreggia"]
[Date "2007.02.24"]
[Round "2.7"]
[White "Belloni, Umberto"]
[Black "Navarro, Stefano"]
[Result "1/2-1/2"]
[WhiteElo "1899"]
[BlackElo "2235"]
[Annotator "Gabriele Ballarin"]
[PlyCount "66"]
[EventDate "2007.02.23"]
[EventType "swiss"]
[EventRounds "5"]
[EventCountry "ITA"]

1. d4 d5 2. c3 Nf6 3. Bg5 Ne4 4. Bh4 c6 5. Nd2 Bf5 6. Nxe4 Bxe4 7. Qb3 Qc8 8. e3 e6 9. Bg3 Nd7 10. Nf3 Be7 11. Be2 O-O 12. O-O b5 13. a4 a6 14. axb5 cxb5 15. Ra2 Nb6 16. Rfa1 Nc4 17. Bxc4 bxc4 18. Qb6 Bd8 19. Qd6 Bxf3 20. gxf3 a5 21. Qa3 Qb7 22. Bd6 Re8 23. Qc5 Ra6 24. Qa3 f6 25. Qa4 Kf7 26. Bc5 Be7 27. Bxe7 Rxe7 28. Qc2 Qb5 29. Qxh7 Re8 30. Qh5+ Ke7 31. Qg6 Rg8 32. f4 a4 33. Qc2 Rga8 1/2-1/2

[Event "7.Alta Padovana Open A"]
[Site "Loreggia"]
[Date "2007.02.24"]
[Round "3.8"]
[White "Faccia, Sergio"]
[Black "Belloni, Umberto"]
[Result "1/2-1/2"]
[WhiteElo "2050"]
[BlackElo "1899"]
[Annotator "Gabriele Ballarin"]
[PlyCount "42"]
[EventDate "2007.02.23"]
[EventType "swiss"]
[EventRounds "5"]
[EventCountry "ITA"]

1. e4 e6 2. c4 d5 3. cxd5 exd5 4. d4 dxe4 5. Bc4 Nf6 6. Qb3 Qe7 7. Nc3 Nc6 8. Nge2 Nd8 9. a3 Ne6 10. Be3 a6 11. Ng3 b5 12. Be2 Nd8 13. Bg5 Ne6 14. Be3 h5 15. Ngxe4 Ng4 16. Nd5 Qd8 17. Bf3 Bb7 18. Ndc3 Nxe3 19. fxe3 Qe7 20. Nf6+ gxf6 21. Bxb7 Nxd4 1/2-1/2

[Event "7.Alta Padovana Open A"]
[Site "Loreggia"]
[Date "2007.02.25"]
[Round "4.8"]
[White "Belloni, Umberto"]
[Black "Visentin, Lorenzo"]
[Result "1/2-1/2"]
[WhiteElo "1899"]
[BlackElo "2039"]
[Annotator "Gabriele Ballarin"]
[PlyCount "92"]
[EventDate "2007.02.23"]
[EventType "swiss"]
[EventRounds "5"]
[EventCountry "ITA"]

1. e4 c5 2. d3 d6 3. Nf3 Nc6 4. g3 Bg4 5. Bg2 g6 6. O-O Bg7 7. Nbd2 Nf6 8. h3 Bd7 9. Nh4 O-O 10. c3 Rb8 11. Kh2 Nh5 12. Bf3 Nf6 13. Bg2 e5 14. Nhf3 b5 15. Ne1 a5 16. Nc2 Be6 17. Ne3 Ne7 18. a4 b4 19. c4 Nc6 20. b3 h5 21. Nf3 Nd4 22. Nxd4 cxd4 23. Nc2 Nd7 24. f4 f5 25. Ne1 Nc5 26. Rb1 Rc8 27. Qe2 fxe4 28. Bxe4 Bf5 29. g4 hxg4 30. Bxf5 gxf5 31. Qf2 gxh3 32. Rg1 Qf6 33. fxe5 dxe5 34. Bg5 Qe6 35. Qh4 e4 36. Rg3 exd3 37. Rxh3 Qe2+ 38. Ng2 Be5+ 39. Bf4 Bxf4+ 40. Kh1 Rc7 41. Nxf4 Qe4+ 42. Kh2 Rg7 43. Re1 Re8 44. Qh8+ Kf7 45. Qh5+ Ke7 46. Nd5+ Kd8 1/2-1/2

[Event "7.Alta Padovana Open A"]
[Site "Loreggia"]
[Date "2007.02.25"]
[Round "5.6"]
[White "Xia, Jie"]
[Black "Belloni, Umberto"]
[Result "1-0"]
[WhiteElo "2161"]
[BlackElo "1899"]
[Annotator "Gabriele Ballarin"]
[PlyCount "62"]
[EventDate "2007.02.23"]
[EventType "swiss"]
[EventRounds "5"]
[EventCountry "ITA"]

1. e4 e6 2. d4 d5 3. Nd2 dxe4 4. Nxe4 Nf6 5. Nxf6+ gxf6 6. Nf3 c5 7. c3 Nc6 8. Bb5 Qb6 9. Qe2 a6 10. Ba4 cxd4 11. Nxd4 Bd7 12. Be3 Qc7 13. O-O-O Be7 14. Qh5 Qe5 15. Qf3 Rc8 16. Rhe1 Qa5 17. Bb3 Nxd4 18. Bxd4 Bc6 19. Qh3 Qg5+ 20. Be3 Bxg2 21. Qg3 Qxg3 22. hxg3 Rd8 23. Bb6 Rxd1+ 24. Rxd1 Bc6 25. Bc2 f5 26. Bd4 O-O 27. b4 Rd8 28. Kb2 b5 29. a3 Bf8 30. Rg1 Bg7 31. Be3 Bf3 {Nur} 1-0

[Event "39. CIS Serie A2/3"]
[Site "Padova ITA"]
[Date "2007.04.15"]
[Round "5.3"]
[White "Rorato, Giovanni"]
[Black "Navarro, Stefano"]
[Result "0-1"]
[WhiteElo "2057"]
[BlackElo "2200"]
[Annotator "Gabriele Ballarin"]
[PlyCount "59"]
[EventDate "2007.04.15"]
[EventType "team"]
[EventRounds "5"]
[EventCountry "ITA"]
[WhiteTeam "Portogruaro"]
[BlackTeam "Padova Obittivo Risarcimento B"]
[WhiteTeamCountry "ITA"]
[BlackTeamCountry "ITA"]

1. d4 d5 2. c4 e6 3. Nc3 Nf6 4. cxd5 exd5 5. Bg5 Be7 6. e3 c6 7. Qc2 Nbd7 8. Bd3 O-O 9. Nge2 Re8 10. O-O Nf8 11. f3 Ng6 12. e4 dxe4 13. fxe4 Bg4 14. Rae1 Bxe2 15. Nxe2 Ng4 16. Bxe7 Rxe7 17. Qd2 Qd6 18. e5 N6xe5 19. dxe5 Qc5+ 20. Kh1 Nf2+ 21. Rxf2 Qxf2 22. Rd1 Rxe5 23. Qc2 f5 24. Ng3 Qe3 25. Qb3+ Kh8 26. h3 Rd5 27. Bc2 Qxb3 28. Bxb3 Rxd1+ 29. Bxd1 Rd8 30. Bf3 {Nur} 0-1

[Event "67.Camp. Veneto Quarti di Finale"]
[Site "Arquà Petrarca ITA"]
[Date "2007.05.05"]
[Round "1.9"]
[White "Pechy, Alaster"]
[Black "Rosina, Graziano"]
[Result "1-0"]
[WhiteElo "2156"]
[BlackElo "1806"]
[Annotator "Gabriele Ballarin"]
[PlyCount "83"]
[EventDate "2007.05.05"]
[EventType "swiss"]
[EventRounds "6"]
[EventCountry "ITA"]

1. Nf3 Nf6 2. c4 c5 3. g3 Nc6 4. Bg2 d5 5. cxd5 Nxd5 6. O-O e5 7. Nc3 Nc7 8. d3 Bd7 9. a4 Be7 10. Nb5 O-O 11. Na3 Bf6 12. Nc4 Qe7 13. a5 Rab8 14. Nfd2 b5 15. axb6 axb6 16. Ne4 b5 17. Na5 Nxa5 18. Rxa5 Bc6 19. Be3 Bxe4 20. Bxe4 Qd6 21. Qb3 Be7 22. Rfa1 Ne6 23. Rxb5 Nd4 24. Bxd4 Rxb5 25. Qxb5 cxd4 26. Ra6 Rb8 27. Qc4 Qc5 28. Bd5 Qxc4 29. Bxc4 Kf8 30. Ra7 f6 31. b4 g5 32. b5 Rb6 33. f4 h6 34. Ra8+ Kg7 35. Rg8+ Kh7 36. Re8 Bd6 37. f5 Bb8 38. Re7+ Kh8 39. Rf7 h5 40. Kg2 g4 41. h4 Rd6 42. Rf8+ 1-0

[Event "67.Camp. Veneto Quarti di Finale"]
[Site "Arquà Petrarca ITA"]
[Date "2007.05.05"]
[Round "1.16"]
[White "Baldi, Giancarlo"]
[Black "Bettera, Roberto"]
[Result "0-1"]
[WhiteElo "1678"]
[BlackElo "2023"]
[Annotator "Gabriele Ballarin"]
[PlyCount "70"]
[EventDate "2007.05.05"]
[EventType "swiss"]
[EventRounds "6"]
[EventCountry "ITA"]

1. Nf3 Nf6 2. d4 g6 3. Bg5 Bg7 4. e3 d6 5. Bd3 O-O 6. Nbd2 b6 7. Qe2 c5 8. c3 Nc6 9. O-O cxd4 10. exd4 Bd7 11. Rfe1 Re8 12. Rad1 Qc7 13. Bxf6 Bxf6 14. Ne4 Bg7 15. Neg5 h6 16. Ne4 e5 17. d5 Ne7 18. Bc2 f5 19. Ng3 Kh7 20. Nh4 Rf8 21. Qf3 Rae8 22. Qd3 g5 23. Ngxf5 Nxf5 24. g4 gxh4 25. Qh3 Qd8 26. Re3 Kg8 27. gxf5 Qg5+ 28. Kf1 Bxf5 29. Bxf5 Rxf5 30. Rdd3 Ref8 31. Rf3 Qc1+ 32. Kg2 Rg5+ 33. Rg3 hxg3 34. Qe6+ Kh8 35. hxg3 Qc2 0-1

[Event "67.Camp. Veneto Quarti di Finale"]
[Site "Arquà Petrarca ITA"]
[Date "2007.05.05"]
[Round "1.29"]
[White "Belloni, Umberto"]
[Black "Franco, Leopoldo"]
[Result "1-0"]
[WhiteElo "1918"]
[BlackElo "1423"]
[Annotator "Gabriele Ballarin"]
[PlyCount "113"]
[EventDate "2007.05.05"]
[EventType "swiss"]
[EventRounds "6"]
[EventCountry "ITA"]

1. d4 d5 2. c3 e6 3. Bf4 h6 4. e3 c5 5. Nf3 Nc6 6. Bd3 Be7 7. Nbd2 g5 8. Bg3 Nf6 9. Ne5 Nxe5 10. dxe5 Nh7 11. Qh5 Bf8 12. h4 Bd7 13. hxg5 Qxg5 14. Nf3 Qxh5 15. Rxh5 O-O-O 16. Bf4 Be8 17. Rh2 f5 18. Bxh6 Bc6 19. O-O-O d4 20. Bxf8 Rdxf8 21. Rdh1 Bxf3 22. gxf3 Rf7 23. exd4 cxd4 24. cxd4 Rc7+ 25. Kd2 Kd8 26. b3 Rd7 27. Kc3 a6 28. a4 Re7 29. f4 Kd7 30. Kb4 Kc6 31. Rh6 Kd5 32. Bc4+ Kxd4 33. Bxe6 Ke4 34. R1h5 Kxf4 35. Rxf5+ Ke4 36. Rh4+ Kd3 37. Bc4+ Kc2 38. e6 Rf8 39. Rhf4 Rg8 40. Rf7 Rge8 41. Rxe7 Rxe7 42. Rf7 Re8 43. Rxh7 b5 44. axb5 axb5 45. Kxb5 Rb8+ 46. Kc6 Kc3 47. Rd7 Kc2 48. e7 Re8 49. Kd6 Rh8 50. Rd8 Rh6+ 51. Be6 Rh4 52. e8=Q Rd4+ 53. Bd5 Kc3 54. Rc8+ Kb2 55. Qe3 Rb4 56. Qc1+ Ka2 57. Rc2# 1-0

[Event "67.Camp. Veneto Quarti di Finale"]
[Site "Arquà Petrarca ITA"]
[Date "2007.05.06"]
[Round "2"]
[White "Castellano, Alfonso"]
[Black "Pechy, Alaster"]
[Result "1/2-1/2"]
[WhiteElo "1952"]
[BlackElo "2156"]
[Annotator "Pechy,Alaster"]
[PlyCount "85"]
[EventDate "2007.05.05"]
[EventType "swiss"]
[EventRounds "6"]
[EventCountry "ITA"]

1. c4 Nf6 2. Nc3 d5 3. cxd5 Nxd5 4. g3 g6 5. Bg2 Nxc3 6. bxc3 Bg7 7. Rb1 c6 8. Nf3 O-O 9. O-O Nd7 10. Qc2 e5 11. d3 h6 12. Ne1 Kh7 13. c4 Re8 14. Bb2 Nc5 15. Bc3 f5 16. Rd1 Ne6 17. e3 Qc7 18. f4 Qb6 19. Bd2 c5 20. Bc3 Qc7 21. Qb2 exf4 22. gxf4 Nd8 23. Bxg7 Qxg7 24. Qxg7+ Kxg7 25. Kf2 Rb8 26. Rb1 b6 27. Nf3 Nf7 28. d4 Ba6 29. Rfc1 cxd4 30. exd4 Rec8 31. Bf1 Nd6 32. Ne5 Ne4+ 33. Ke3 Rc7 34. c5 Bxf1 35. Rxf1 Nc3 36. Rb3 Nd5+ 37. Kf3 Rd8 38. Rg1 Ne7 39. cxb6 axb6 40. Nxg6 Nxg6 41. Rxb6 Rc3+ 42. Ke2 Rxd4 43. Rgxg6+ 1/2-1/2

[Event "67.Camp. Veneto Quarti di Finale"]
[Site "Arquà Petrarca ITA"]
[Date "2007.05.06"]
[Round "2.1"]
[White "Bettera, Roberto"]
[Black "Rossi, Carlo"]
[Result "0-1"]
[WhiteElo "2023"]
[BlackElo "2342"]
[Annotator "Roberto Bettera"]
[PlyCount "68"]
[EventDate "2007.05.05"]
[EventType "swiss"]
[EventRounds "6"]
[EventCountry "ITA"]
[SourceTitle "Inf 22"]

1. d4 Na6 2. Nf3 c5 3. e3 b6 4. Nbd2 Bb7 5. c3 Nf6 6. Bd3 Nc7 7. O-O Ne6 8. Ne5 g6 9. f4 Bh6 10. Ndf3 d6 11. Bb5+ Kf8 12. Nd3 a6 13. Ba4 Rc8 14. Nf2 b5 15. Bc2 Bxf3 16. gxf3 cxd4 17. cxd4 Qb6 18. Ng4 Bg7 19. f5 gxf5 20. Bxf5 h5 21. Nf2 Rc7 22. Bd2 {PpattaB} Bh6 23. Rc1 Rxc1 24. Bxc1 Qc6 25. Bd2 Rg8+ 26. Kh1 Nxd4 27. exd4 Bxd2 28. Ne4 Be3 29. Qd3 Nd5 30. b3 e6 31. Bh7 Rg7 32. Ng3 h4 33. Nh5 Rg5 34. Be4 Qc3 0-1

[Event "67.Camp. Veneto Quarti di Finale"]
[Site "Arquà Petrarca ITA"]
[Date "2007.05.06"]
[Round "2.11"]
[White "Vianello, Enrico"]
[Black "Belloni, Umberto"]
[Result "1-0"]
[WhiteElo "2127"]
[BlackElo "1918"]
[Annotator "Gabriele Ballarin"]
[PlyCount "107"]
[EventDate "2007.05.05"]
[EventType "swiss"]
[EventRounds "6"]
[EventCountry "ITA"]

1. d4 d5 2. c4 c6 3. Nc3 Nf6 4. Nf3 e6 5. g3 Nbd7 6. Bg2 Bd6 7. O-O O-O 8. b3 Bb4 9. Bb2 Re8 10. Qc2 Bxc3 11. Bxc3 Ne4 12. Bb2 a5 13. Rac1 Qf6 14. Ne5 Nd6 15. f3 Nf5 16. Qd3 Nxe5 17. dxe5 Qh6 18. f4 g6 19. Ba3 a4 20. b4 Ne7 21. b5 Nf5 22. cxd5 cxd5 23. Rc7 Qg7 24. e4 dxe4 25. Bxe4 h5 26. Kh1 Kh7 27. Rd1 Qg8 28. Qf3 Kh6 29. h3 Kg7 30. g4 hxg4 31. hxg4 Qh7+ 32. Kg1 Rh8 33. gxf5 Qh2+ 34. Kf1 exf5 35. Bd5 Be6 36. Rd3 (36. Bxe6) 36... Rad8 37. Bd6 Bxd5 38. Qxd5 Qxf4+ 39. Qf3 Rh1+ 40. Ke2 Rh2+ 41. Kd1 Qg5 42. Qg3 Rh1+ 43. Ke2 Qh5+ 44. Rf3 Rh2+ 45. Kd3 Rxa2 46. Kc3 Rxd6 47. exd6 Ra3+ 48. Kb4 Rxf3 49. Qe5+ Kh6 50. Rxf7 Qg4+ 51. Ka5 Qg1 52. Rxb7 Re3 53. Qf4+ Qg5 54. Rh7+ 1-0

[Event "67.Camp. Veneto Quarti di Finale"]
[Site "Arquà Petrarca ITA"]
[Date "2007.05.06"]
[Round "3.8"]
[White "Pechy, Alaster"]
[Black "Roberti, Ignazio"]
[Result "1/2-1/2"]
[WhiteElo "2156"]
[BlackElo "1963"]
[Annotator "Pechy,Alaster"]
[PlyCount "119"]
[EventDate "2007.05.05"]
[EventType "swiss"]
[EventRounds "6"]
[EventCountry "ITA"]

1. e4 c5 2. Nf3 e6 3. Nc3 a6 4. a4 Nc6 5. d4 cxd4 6. Nxd4 Qb6 7. Nxc6 bxc6 8. a5 Qc7 9. Be3 d5 10. Be2 Nf6 11. Bb6 Qd6 12. Bf3 Be7 13. O-O O-O 14. Qe2 e5 15. exd5 cxd5 16. Rad1 Be6 17. Rfe1 Qb4 18. Nxd5 Nxd5 19. Bxd5 Bxd5 20. Rxd5 Qxb2 21. Qxe5 Qxe5 22. Rexe5 Bf6 23. Re4 Rfe8 24. Rxe8+ Rxe8 25. g4 Re4 26. h3 Kf8 27. Rc5 Ke8 28. c4 Be7 29. Rc8+ Kd7 30. Rc7+ Ke6 31. Kf1 Bd6 32. Ra7 Rxc4 33. Rxa6 g6 34. Ke2 h5 35. Kd3 Rc6 36. gxh5 gxh5 37. Ra8 Bc5 38. Bxc5 Rxc5 39. a6 Ra5 40. Kc4 Kf5 41. Kb4 Ra2 42. Kb5 Rxf2 43. Rc8 Rb2+ 44. Kc6 Ra2 45. Kb6 Rb2+ 46. Kc6 Ra2 47. Kb7 Rb2+ 48. Ka8 Kg5 49. Rc3 Ra2 50. a7 f5 51. Rb3 f4 52. Kb7 f3 53. a8=Q (53. Rxf3 Rb2+ 54. Ka6 Ra2+ 55. Kb6 Rb2+ 56. Kc6 Ra2 57. Rf7 Kh4 58. Rg7 Kxh3 59. Kb6 h4 60. Rg5 Rxa7 61. Kxa7 Kh2 $11) 53... Rxa8 54. Kxa8 Kf4 55. Rb8 f2 56. Kb7 Kg3 57. Rf8 Kg2 58. Rg8+ Kxh3 59. Rf8 Kg2 60. Rg8+ 1/2-1/2

[Event "67.Camp. Veneto Quarti di Finale"]
[Site "Arquà Petrarca ITA"]
[Date "2007.05.06"]
[Round "3.11"]
[White "Fracasso Pezzolato, Michele"]
[Black "Bettera, Roberto"]
[Result "0-1"]
[WhiteElo "1882"]
[BlackElo "2023"]
[Annotator "Roberto Bettera"]
[PlyCount "44"]
[EventDate "2007.05.05"]
[EventType "swiss"]
[EventRounds "6"]
[EventCountry "ITA"]
[SourceTitle "Inf 22"]

1. e4 e5 2. Nf3 Nc6 3. Bb5 a6 4. Ba4 Nf6 5. c3 d6 6. Bc2 g6 7. O-O Bg7 8. d4 O-O 9. Re1 Bg4 10. h3 Bxf3 11. Qxf3 exd4 12. Bd3 dxc3 13. Nxc3 Ne5 14. Qd1 Re8 15. Bc2 c6 16. Be3 Qc7 17. Bb3 b5 18. Qc2 Qb7 19. f3 Nc4 20. Bf2 d5 21. Bxc4 bxc4 22. e5 Nh5 0-1

[Event "67.Camp. Veneto Quarti di Finale"]
[Site "Arquà Petrarca ITA"]
[Date "2007.05.06"]
[Round "3.19"]
[White "Belloni, Umberto"]
[Black "Ferrari, Mario"]
[Result "1/2-1/2"]
[WhiteElo "1918"]
[BlackElo "1678"]
[Annotator "Gabriele Ballarin"]
[PlyCount "110"]
[EventDate "2007.05.05"]
[EventType "swiss"]
[EventRounds "6"]
[EventCountry "ITA"]

1. d4 Nf6 2. c3 b6 3. Bg5 e6 4. e3 Bb7 5. f4 Be7 6. Bxf6 Bxf6 7. Nd2 O-O 8. Ngf3 Bh4+ 9. g3 Be7 10. Bd3 f5 11. Qe2 c5 12. O-O cxd4 13. cxd4 Nc6 14. a3 Bf6 15. Rac1 Ne7 16. Rc2 Rc8 17. Rfc1 Rxc2 18. Rxc2 d6 19. Bc4 Nd5 20. Bxd5 Bxd5 21. Qa6 Qa8 22. Kf2 Bb7 23. Qc4 Bd5 24. Qa6 Bc6 25. Qc4 Bd5 26. Qa6 Qb8 27. h4 h6 28. b4 Kh7 29. Qd3 Rc8 30. e4 Rxc2 31. Qxc2 fxe4 32. Nxe4 Kh8 33. Nxf6 gxf6 34. Qg6 Qf8 35. Nh2 Qg7 36. Qg4 Kh7 37. Qxg7+ Kxg7 38. Nf1 h5 39. Ne3 b5 40. Nxd5 exd5 41. f5 Kh6 42. Kf3 Kh7 43. Kf4 Kg7 44. Ke3 Kh7 45. Kd3 Kh6 46. Kc3 Kg7 47. a4 a6 48. axb5 axb5 49. Kd3 Kh7 50. Ke3 Kg7 51. Kf4 Kh6 52. Kf3 Kh7 53. g4 hxg4+ 54. Kg3 Kh6 55. Kxg4 Kg7 1/2-1/2

[Event "67.Camp. Veneto Quarti di Finale"]
[Site "Arquà Petrarca ITA"]
[Date "2007.05.12"]
[Round "4"]
[White "Rodeghiero, Andrea"]
[Black "Pechy, Alaster"]
[Result "0-1"]
[WhiteElo "1938"]
[BlackElo "2156"]
[Annotator "Pechy,Alaster"]
[PlyCount "112"]
[EventDate "2007.05.05"]
[EventType "swiss"]
[EventRounds "6"]
[EventCountry "ITA"]

1. Nc3 d5 2. e4 dxe4 3. Nxe4 Nd7 4. d4 Ngf6 5. Ng3 e6 6. Nf3 c5 7. Be3 Qc7 8. dxc5 Nxc5 9. Bb5+ Bd7 10. Bxd7+ Ncxd7 11. O-O Bd6 12. Nd4 a6 13. Nde2 h5 14. h4 Ne5 15. Bg5 O-O-O 16. Qc1 Neg4 17. Bf4 Bxf4 18. Qxf4 Qxf4 19. Nxf4 Rd2 20. Rac1 Rd4 21. Nfe2 Rb4 22. b3 Ne5 23. c4 Ng6 24. Rc3 Nxh4 25. a3 Rb6 26. c5 Rc6 27. Nd4 Rc7 28. c6 Kb8 29. Rfc1 Rhc8 30. Rc5 g6 31. R1c4 Nf5 32. Ngxf5 gxf5 33. cxb7 Kxb7 34. Rxc7+ Rxc7 35. Rxc7+ Kxc7 36. Kh2 Ng4+ 37. Kg3 h4+ 38. Kf3 Kd6 39. Ke2 Ne5 40. Nc2 f4 41. Nb4 a5 42. Nc2 f3+ $19 43. Kf1 Kd5 44. gxf3 Nxf3 45. Kg2 Nd4 46. Ne3+ Ke4 47. b4 a4 48. Nc4 Nb5 49. Nb2 Nc3 50. Kh3 Kf3 51. Kxh4 Kxf2 52. Nd1+ $4 Nxd1 53. b5 Ne3 54. b6 Nf5+ 55. Kg5 Nd6 56. Kf6 Ke3 0-1

[Event "67.Camp. Veneto Quarti di Finale"]
[Site "Arquà Petrarca ITA"]
[Date "2007.05.12"]
[Round "4.10"]
[White "Bettera, Roberto"]
[Black "Zanirato, Stefano"]
[Result "1/2-1/2"]
[WhiteElo "2023"]
[BlackElo "1947"]
[Annotator "Roberto Bettera"]
[PlyCount "41"]
[EventDate "2007.05.05"]
[EventType "swiss"]
[EventRounds "6"]
[EventCountry "ITA"]
[SourceTitle "Inf 22"]

1. d4 Nf6 2. Nf3 d5 3. e3 Bf5 4. c4 e6 5. Qb3 b6 6. Nc3 c6 7. cxd5 exd5 8. Ne5 Bd6 9. f4 O-O 10. Be2 Ne4 11. O-O Nxc3 12. bxc3 Be4 13. Ba3 f6 14. Nf3 Qe7 15. Bxd6 Qxd6 16. c4 Nd7 17. Nd2 Bg6 18. Rac1 Bf7 19. cxd5 Bxd5 20. Bc4 Rfe8 21. Rf3 {patta su proposta del Bianco} 1/2-1/2

[Event "67.Camp. Veneto Quarti di Finale"]
[Site "Arquà Petrarca ITA"]
[Date "2007.05.12"]
[Round "4.17"]
[White "Belloni, Umberto"]
[Black "Liberi, Michele"]
[Result "1-0"]
[WhiteElo "1918"]
[BlackElo "1470"]
[Annotator "Gabriele Ballarin"]
[PlyCount "67"]
[EventDate "2007.05.05"]
[EventType "swiss"]
[EventRounds "6"]
[EventCountry "ITA"]

1. d4 d5 2. c3 Nf6 3. Bg5 e6 4. e3 c5 5. Nd2 a6 6. Bd3 Nc6 7. a3 c4 8. Bc2 Be7 9. Bxf6 Bxf6 10. f4 Bh4+ 11. g3 Bf6 12. Ngf3 O-O 13. O-O b5 14. Ne5 Bxe5 15. fxe5 Qg5 16. Rf4 f5 17. exf6 Rxf6 18. Nf3 Qh6 19. Qe2 g5 20. Rg4 Rxf3 21. Qxf3 Ne7 22. h4 Ng6 23. Rxg5 Kh8 24. Qf6+ Qg7 25. Qxg7+ Kxg7 26. h5 Kf6 27. Rxg6+ hxg6 28. hxg6 Kg5 29. g7 Bd7 30. Bh7 Kg4 31. Kg2 e5 32. g8=Q+ Rxg8 33. Bxg8 exd4 34. exd4 1-0

[Event "67.Camp. Veneto Quarti di Finale"]
[Site "Arquà Petrarca ITA"]
[Date "2007.05.13"]
[Round "5"]
[White "Pechy, Alaster"]
[Black "Broli, Carlo"]
[Result "1-0"]
[WhiteElo "2156"]
[BlackElo "1893"]
[Annotator "Pechy,Alaster"]
[PlyCount "117"]
[EventDate "2007.05.05"]
[EventType "swiss"]
[EventRounds "6"]
[EventCountry "ITA"]

1. d4 d5 2. c4 e6 3. Nc3 Nf6 4. Bg5 Be7 5. e3 Nbd7 6. Nf3 O-O 7. Qc2 c5 8. O-O-O b6 9. Ne5 Bb7 10. cxd5 cxd4 11. exd4 Nxd5 12. Bxe7 Qxe7 13. Kb1 Rac8 14. Nxd5 Bxd5 15. Qd2 Rfd8 16. f4 Nf6 17. Bd3 Qb7 18. Rhg1 Be4 19. Qe3 Bxd3+ 20. Rxd3 Qe4 21. Qxe4 Nxe4 22. Rgd1 Nf6 23. g3 Nd5 24. a3 b5 25. Rb3 a6 26. Rc1 Rxc1+ 27. Kxc1 Nb6 28. Rc3 Rc8 29. Kd2 f6 30. Rxc8+ Nxc8 31. Nd7 Nd6 32. Nc5 Kf7 33. Nxa6 h6 34. Nc7 Ke7 35. Na6 g5 36. fxg5 fxg5 37. b3 h5 38. Kd3 h4 39. gxh4 gxh4 40. Nc5 Nf5 41. Ne4 Kd7 42. Nc3 Nd6 43. Ke3 Kc6 44. Kf4 Kb6 45. Kg5 Nf5 46. d5 Nd4 47. dxe6 Nxe6+ 48. Kxh4 Nd4 49. b4 Nc2 50. Nb1 Kc6 51. Kg5 Nd4 52. h4 Nf3+ 53. Kg4 Ne5+ 54. Kf5 Nf7 55. Ke6 Nh6 56. Nc3 Ng4 57. Nd5 Nh6 58. Ne3 Ng8 59. Nf5 1-0

[Event "67.Camp. Veneto Quarti di Finale"]
[Site "Arquà Petrarca ITA"]
[Date "2007.05.13"]
[Round "5.9"]
[White "Bettera, Roberto"]
[Black "Belloni, Umberto"]
[Result "1/2-1/2"]
[WhiteElo "2023"]
[BlackElo "1918"]
[Annotator "Roberto Bettera"]
[PlyCount "56"]
[EventDate "2007.05.05"]
[EventType "swiss"]
[EventRounds "6"]
[EventCountry "ITA"]
[SourceTitle "Inf 22"]

1. d4 d5 2. Nf3 c6 3. c4 e6 4. Nc3 Bd6 5. c5 Bc7 6. b4 Nd7 7. Bg5 f6 8. Bh4 Ne7 9. Bg3 Nf8 10. e3 Nfg6 11. Bd3 Bd7 12. h4 Bxg3 13. fxg3 Qc7 14. Kf2 f5 15. h5 Nf8 16. a4 h6 17. Ne5 Nh7 18. Ne2 Ng5 19. Nf4 Rf8 20. Rf1 Ng8 21. Kg1 Nf6 22. Nfg6 Rg8 23. Qe2 Nf7 24. Nxf7 Kxf7 25. Ne5+ Ke7 26. Rf4 Be8 27. Rh4 Nd7 28. Nxd7 Bxd7 1/2-1/2

[Event "67.Camp. Veneto Quarti di Finale"]
[Site "Arquà Petrarca ITA"]
[Date "2007.05.13"]
[Round "6.3"]
[White "Navarro, Stefano"]
[Black "Pechy, Alaster"]
[Result "1/2-1/2"]
[WhiteElo "2232"]
[BlackElo "2156"]
[Annotator "Pechy,Alaster"]
[PlyCount "61"]
[EventDate "2007.05.05"]
[EventType "swiss"]
[EventRounds "6"]
[EventCountry "ITA"]

1. e4 c5 2. Nf3 Nc6 3. d4 cxd4 4. Nxd4 Nf6 5. Nc3 e5 6. Ndb5 d6 7. a4 a6 8. Na3 Be7 9. Bg5 Be6 10. Bc4 O-O 11. Bxf6 Bxf6 12. O-O Rc8 13. Nd5 Nb4 14. Qd2 Nxd5 15. Bxd5 Bg5 16. Qd3 Qc7 17. Rad1 Bxd5 18. Qxd5 Be7 19. b3 Qc5 20. Nc4 b5 21. axb5 axb5 22. Qxc5 Rxc5 23. Nxd6 Bxd6 24. Rxd6 Rxc2 25. Rb6 Re2 26. Rxb5 (26. f3 Rd8 27. Kh1 f6 28. Rxb5 Rf2 29. Rg1 Rd3 30. b4 Rb2 $11) 26... Rxe4 27. Rc1 Re2 28. g3 e4 29. Rc3 g6 30. Rb7 Rd8 31. Rcc7 (31. Rbc7 Rd1+ 32. Kg2 Rdd2) 1/2-1/2

[Event "67.Camp. Veneto Quarti di Finale"]
[Site "Arquà Petrarca ITA"]
[Date "2007.05.13"]
[Round "6.10"]
[White "Quaranta, Cristiano"]
[Black "Belloni, Umberto"]
[Result "1-0"]
[WhiteElo "2073"]
[BlackElo "1918"]
[Annotator "Gabriele Ballarin"]
[PlyCount "174"]
[EventDate "2007.05.05"]
[EventType "swiss"]
[EventRounds "6"]
[EventCountry "ITA"]

1. d4 d5 2. c4 c6 3. cxd5 cxd5 4. Bf4 e6 5. Nc3 Nc6 6. e3 Bd6 7. Bxd6 Qxd6 8. f4 f5 9. Nf3 Nf6 10. Bd3 Qe7 11. Rc1 O-O 12. O-O Ne4 13. a3 Nxc3 14. Rxc3 Bd7 15. Qb3 a6 16. Qb6 Rfc8 17. Rfc1 Qd8 18. Qxd8+ Rxd8 19. Kf2 h6 20. b4 Na7 21. Rc7 Bc6 22. Ne5 Rdc8 23. Re7 Re8 24. Nxc6 bxc6 25. Rxe8+ Rxe8 26. Bxa6 Re7 27. Rc5 Kf7 28. a4 Re8 29. b5 cxb5 30. axb5 Ra8 31. Rc7+ Kf6 32. Ke2 g5 33. Kd3 Nxb5 34. Bxb5 g4 35. Rc2 Ra1 36. g3 Rd1+ 37. Kc3 Re1 38. Re2 Rb1 39. Ba4 Ra1 40. Kb4 Rc1 41. Bb5 Rb1+ 42. Kc5 Ke7 43. Bd3 Rb3 44. Rd2 Rc3+ 45. Kb4 Rc8 46. Rc2 Rb8+ 47. Kc3 Rb1 48. Rf2 Ra1 49. Bc2 Ra3+ 50. Kd2 Ra1 51. Ke2 Kf6 52. Bd1 Ra2+ 53. Kf1 Ra3 54. Re2 Ra1 55. Rd2 Ra3 56. Kf2 Ra1 57. Be2 Rh1 58. Kg2 Re1 59. h3 h5 60. hxg4 hxg4 61. Kf2 Ra1 62. Rd1 Ra2 63. Rh1 Kg7 64. Rh2 Ra1 65. Rh5 Ra2 66. Ke1 Ra1+ 67. Bd1 Ra3 68. Kd2 Ra2+ 69. Bc2 Kg6 70. Rg5+ Kf6 71. Rg8 Kf7 72. Rb8 Ke7 73. Rb3 Ra8 74. Kc3 Rc8+ 75. Kb2 Ra8 76. Rb5 Kf6 77. e4 fxe4 78. Bxe4 dxe4 79. Rg5 Rc8 80. Re5 Rc6 81. Rxe4 Rc8 82. Re5 Rc4 83. d5 exd5 84. Rxd5 Re4 85. Rg5 Re3 86. Rxg4 Kf5 87. Rg5+ Kf6 {Nur} 1-0